[Event "Budapest Karacsonyi op 10th"]
[Site "Budapest"]
[Date "2018.12.30"]
[Round "6"]
[White "Szabo, Zoltan4444"]
[Black "Barsi, Botond"]
[Result "0-1"]
[WhiteElo "1922"]
[BlackElo "1667"]
[PlyCount "90"]
[EventDate "2018.12.27"]
[EventType "swiss"]
[EventRounds "7"]
[EventCountry "HUN"]
[SourceTitle "CBM 188 Extra"]
[Source "ChessBase"]
[SourceDate "2019.02.26"]
[SourceVersion "1"]
[SourceVersionDate "2019.02.26"]
[SourceQuality "1"]

1. Nf3 d5 2. g3 Nf6 3. Bg2 Bf5 4. 0-0 e6 5. c4 Be7 6. Qb3 Qc8 7. Nd4 Be4 8. Bxe4 dxe4 9. Nc3 c6 10. Qc2 e5 11. Nb3 Qh3 12. f3 a5 13. a4 exf3 14. exf3 Nh5 15. Ne4 Na6 16. Qc3 Qe6 17. d4 Bb4 18. Qd3 0-0-0 19. c5 Rd5 20. Be3 Rhd8 21. Rab1 Nf6 22. Qc4 Qe7 23. Nd6+ Kb8 24. dxe5 Nd7 25. f4 f6 26. Nf5 Qf8 27. e6 Rxf5 28. exd7 Rxd7 29. Nd4 Rfd5 30. Nxc6+ bxc6 31. Qxa6 Qc8 32. Qe2 Re7 33. Rfd1 Rxd1+ 34. Rxd1 Bxc5 35. Rd3 Qb7 36. b3 Rxe3 37. Rxe3 Qxb3 38. Kf2 Qxe3+ 39. Qxe3 Bxe3+ 40. Kxe3 Kc7 41. Kd4 Kd6 42. Kc4 c5 43. Kb5 Kd5 44. Kxa5 c4 45. Kb4 Kd4 0-1

[Event "Budapest Karacsonyi op 10th"]
[Site "Budapest"]
[Date "2018.12.29"]
[Round "4"]
[White "Szabo, A Martin"]
[Black "Barsi, Botond"]
[Result "1-0"]
[WhiteElo "1950"]
[BlackElo "1667"]
[PlyCount "31"]
[EventDate "2018.12.27"]
[EventType "swiss"]
[EventRounds "7"]
[EventCountry "HUN"]
[SourceTitle "CBM 188 Extra"]
[Source "ChessBase"]
[SourceDate "2019.02.26"]
[SourceVersion "1"]
[SourceVersionDate "2019.02.26"]
[SourceQuality "1"]

1. c4 c5 2. Nc3 Nc6 3. g3 g6 4. Bg2 Bg7 5. Nf3 Nh6 6. 0-0 0-0 7. d3 e6 8. e4 d6 9. h3 a6 10. Be3 Qc7 11. Qd2 Nd4 12. Bxh6 e5 13. Nxd4 exd4 14. Nd5 Qd8 15. Bxg7 Kxg7 16. f4 1-0

[Event "Budapest Titan Cup 1st"]
[Site "Budapest"]
[Date "2017.01.07"]
[Round "2"]
[White "Barsi, Botond"]
[Black "Sziraki, Zoltan"]
[Result "1-0"]
[WhiteElo "1748"]
[BlackElo "1421"]
[PlyCount "85"]
[EventDate "2017.01.06"]
[EventType "swiss"]
[EventRounds "5"]
[EventCountry "HUN"]
[SourceTitle "CBM 176 Extra"]
[Source "ChessBase"]
[SourceDate "2017.03.02"]
[SourceVersion "1"]
[SourceVersionDate "2017.03.02"]
[SourceQuality "1"]

1. d4 d5 2. Nf3 c6 3. Bf4 Bf5 4. e3 Nf6 5. c3 e6 6. Qb3 Qb6 7. h3 Nbd7 8. Nh4 Bxb1 9. Rxb1 Qxb3 10. axb3 Be7 11. Nf3 a6 12. b4 Ne4 13. Bd3 Ndf6 14. Ne5 h6 15. f3 Nd6 16. Kd2 Rf8 17. Rbe1 Nd7 18. b3 Bh4 19. Re2 Be7 20. e4 Rc8 21. c4 Nf6 22. b5 dxc4 23. bxc4 a5 24. bxc6 bxc6 25. Ra1 Bd8 26. Ng4 Nxg4 27. Bxd6 Nf6 28. Bxf8 Kxf8 29. e5 Nd7 30. Kc3 Nb6 31. Rb2 Ke7 32. Be4 f5 33. exf6+ gxf6 34. c5 Nd7 35. f4 f5 36. Bf3 Nf6 37. Rb7+ Kf8 38. Re1 Bc7 39. g3 Nd5+ 40. Bxd5 exd5 41. Re6 a4 42. Kb4 Kf7 43. Rxc6 1-0

[Event "Budapest Karacsonyi op 8th"]
[Site "Budapest"]
[Date "2016.12.30"]
[Round "6"]
[White "Barsi, Botond"]
[Black "Demjen, Mark"]
[Result "1-0"]
[WhiteElo "1752"]
[BlackElo "1658"]
[PlyCount "91"]
[EventDate "2016.12.27"]
[EventType "swiss"]
[EventRounds "7"]
[EventCountry "HUN"]
[SourceTitle "CBM 176 Extra"]
[Source "ChessBase"]
[SourceDate "2017.03.02"]
[SourceVersion "1"]
[SourceVersionDate "2017.03.02"]
[SourceQuality "1"]

1. d4 Nf6 2. Nf3 b6 3. Bf4 Bb7 4. Nbd2 g6 5. e3 Bg7 6. h3 0-0 7. c3 d6 8. Be2 c5 9. 0-0 Nc6 10. a4 Re8 11. Nc4 cxd4 12. exd4 Nd5 13. Bh2 Nc7 14. Qb3 e5 15. Rfe1 Ne6 16. Rad1 exd4 17. Nxd6 Na5 18. Qa2 Re7 19. cxd4 Rd7 20. Nxb7 Nxb7 21. d5 Nec5 22. Bb5 Re7 23. Bc6 Rc8 24. Rxe7 Qxe7 25. Re1 Qf6 26. Be5 Qf5 27. Bxg7 Kxg7 28. Bxb7 Nxb7 29. b4 Qc2 30. Qxc2 Rxc2 31. Re7 Nd6 32. Rxa7 Rb2 33. b5 Rb3 34. Ne5 Rb4 35. Rd7 Nc4 36. Nxc4 Rxc4 37. Rd6 Rxa4 38. Rxb6 Rd4 39. Rd6 Kf8 40. b6 Rb4 41. Rc6 Ke7 42. f3 f5 43. Kf2 Rb5 44. Ke3 Rxd5 45. b7 Rb5 46. Rc7+ 1-0

[Event "HUN-chT U18"]
[Site "Hajduboszormeny"]
[Date "2016.11.05"]
[Round "7.34"]
[White "Barsi, Botond"]
[Black "Fekete, Agnes"]
[Result "0-1"]
[WhiteElo "1650"]
[BlackElo "1856"]
[PlyCount "74"]
[EventDate "2016.11.02"]
[EventType "team-swiss"]
[EventRounds "8"]
[EventCountry "HUN"]
[SourceTitle "CBM 175 Extra"]
[Source "ChessBase"]
[SourceDate "2016.12.12"]
[SourceVersion "1"]
[SourceVersionDate "2016.12.12"]
[SourceQuality "1"]

1. d4 Nf6 2. Bf4 g6 3. Nf3 Bg7 4. e3 0-0 5. h3 d6 6. Be2 Nbd7 7. 0-0 Qe8 8. c3 e5 9. Bh2 Nh5 10. Nbd2 Qe7 11. Nc4 Nb6 12. dxe5 Nxc4 13. Bxc4 dxe5 14. g4 e4 15. Nd4 Nf6 16. Qb3 h5 17. g5 Ne8 18. h4 c5 19. Ne2 Be5 20. Nf4 Bxf4 21. exf4 e3 22. Rfe1 exf2+ 23. Kxf2 Qd7 24. Rad1 Nd6 25. Bg3 b6 26. Bd5 Rb8 27. Qc2 Qf5 28. Qxf5 Nxf5 29. Rd2 Bb7 30. Bxb7 Rxb7 31. Red1 Re7 32. Rd8 Re3 33. Rxf8+ Kxf8 34. Rd5 Rxg3 35. Rxf5 Rh3 36. Rd5 Rxh4 37. Kg3 Rh1 0-1